Sudden Death - Sudden Death - Statistics

General Stats
  • This quiz has been taken 134,462 times
  • The average score is 8 of 16
Answers on the Grid
Answers color-coded by a green-red scale on the quiz's grid according to % correct below.
Buzz Aldrin
David Attenborough
Osama Bin Laden
Mel Brooks
Kobe Bryant
Julius Caesar
Jimmy Carter
James Dean
Princess Diana
Michael Douglas
Clint Eastwood
Franz Ferdinand
Mahatma Gandhi
Katharine Hepburn
Adolf Hitler
Buddy Holly
Bob Hope
Mick Jagger
Thomas Jefferson
Grace Kelly
John F. Kennedy
Heath Ledger
Bruce Lee
Christopher Lee
Jack Lemmon
John Lennon
Paul McCartney
Al Pacino
River Phoenix
Queen Victoria
Paul Walker
Betty White
 
Answer Stats
Answer % Correct
Osama Bin Laden
77%
Kobe Bryant
75%
Julius Caesar
71%
Princess Diana
71%
John F. Kennedy
67%
Adolf Hitler
66%
John Lennon
53%
Franz Ferdinand
51%
Heath Ledger
49%
Paul Walker
44%
James Dean
39%
Mahatma Gandhi
38%
Bruce Lee
37%
River Phoenix
32%
Buddy Holly
31%
Grace Kelly
25%
No matching quizzes found
Score Distribution
Percent of People with Each Score
Percentile by Number Answered
Your Score History
You have not taken this quiz